LEADER 00925nam a2200217 i 4500 001 000000130445 003 CaOOAMICUS 005 20041026000000.0 008 041026s1951 it u000 u ita u 013 $a103179 040 $aSeMil$bita 100 1 $aMaraini, Fosco <1912-2004>.$0(OLS)http://semarc/name/53933 245 10$aSegreto Tibet /$cFosco Maraini ; presentazione di Bernardo Berenson. 260 $aBari :$bLeonardo da Vinci,$c1951. 300 $aXIII, 293 p., 60 tavole fuori testo da fotografie dell'Autore ;$c25 cm. 650 4$aTibet .$0(OLS)http://semarc/subject/9704 700 1 $aBerenson, Bernardo.$0(OLS)http://semarc/name/53934 850 $aSeMil 852 $aSeMil$W1$xVenegono$y1$m4Y IV 124$j84490$B84490$CSeMilBibl$Z2$F88057 $81 996 $6245$aSegreto Tibet$9(OLS)http://semarc/title/192145 996 $6260$aBari :$bLeonardo da Vinci$9(OLS)http://semarc/publisher/34174 LEADER 00465nab a2200145 i 4500 001 000000269396 003 CaOOAMICUS 005 20180831164825.0 008 180831n xx uu u0 0und r 013 $a15298 040 $aSeMil$bita 245 10$a[vedi periodico]. 500 $aGennaio 2006, inserto redazionale. 773 0 $aTomei, Alessandro$tArnolfo di Cambio.$dFirenze : Giunti, 2006.$z88-09-04527-0$w()173717 996 $6245$a[vedi periodico]$9(OLS)http://semarc/title/309439